000 00511nam a2200181Ia 4500
005 20250508152913.0
008 008 250505s9999 xx 000 0 eng d
037 _aTextual
040 _aFEDL
_beng
_cFEDL
041 _aeng
_2eng
084 _a394.1, TON
_qFEDL
100 _aTonnies Fredinand
_9762701
245 0 _aCustom: An essay on social codes
260 _aNew York, USA
_bThe Free Press of Glencoe
_c1961
300 _a151p
942 _cTEXL
_h394.1, TON
999 _c1339523
_d1339523